| 000 | 00800nam a2200241 a 4500 | ||
|---|---|---|---|
| 999 |
_c447285 _d447285 |
||
| 003 | BLK | ||
| 005 | 20230727125224.0 | ||
| 008 | 220302b bu |||||r|||| 00| | bu d | ||
| 040 | _aBLK | ||
| 041 |
_aBUL _cBUL |
||
| 080 |
_b636 _x(497.215)(062) _z636(497.215)(062) |
||
| 139 | _bЗ 11 | ||
| 245 |
_aЗа висока продуктивност от животновъдството _h[Малотир. изд.] |
||
| 260 |
_9441842 _aРусе _c1963 |
||
| 300 |
_a48 с. _bс ил. _c21 см |
||
| 380 | _a63 | ||
| 500 | _aИзд. Окр. комитет на БКП -Русе ; Окр. народен комитет | ||
| 651 | 7 |
_9179462 _aРусе |
|
| 653 | 7 |
_9186636 _aживотновъдство |
|
| 852 |
_bК _cК 63/З 11 |
||
| 942 |
_cKNG _n0 _s1 _01 |
||
| 944 |
_aCR _c2022-03-07 _k30556 _lТеодора Пейчева-Дянкова |
||